00884nam a2200253 a 450000100080000000500110000800800410001902200140006010000850007424500360015926000410019530000100023649000420024650000540028852001050034265000260044765000240047365300240049765300240052165300280054565300240057365300140059765300190061120278512024-08-28 2012 bl uuuu u01u1 u #d a0103-98651 aENCONTRO DE INICIAÇÃO À PESQUISA DA EMBRAPA RONDÔNIA, 3., 2012, Porto Velho. aAnais...h[electronic resource] aPorto Velho: Embrapa Rondôniac2012 a71 p. a(Embrapa Rondônia. Documentos, 152). aEditor técnico: Cléberson de Freitas Fernandes. aColetânea dos resumos apresentados no III Encontro de Iniciação à Pesquisa da Embrapa Rondônia. aAgricultural research aUniversity research aAmazonia Occidental aAmazônia Ocidental aIniciação científica aPesquisa acadêmica aRondônia aWestern Amazon